000 00879nam a2200241 i 4500
001 181867
003 ES-MaACL
005 20250523062605.0
008 130503s2007 sp a |||| | spa d
020 _a978-84-9718-483-0
080 _a821.134.2-84"19"
100 1 _aFrutos Salvador, Angel de.
_952780
245 1 0 _aPuentes en el desierto
_b: afuerismos /
_cÁngel de Frutos Salvador ; prólogo, Agustín García Calvo ; dibujos, Luis Gordillo.
260 _a[Valladolid] :
_bConsejería de Cultura y Turismo,
_c2007.
300 _a118 p. :
_bil. ;
_c22 cm.
490 1 _aEnsayo las letras
700 1 _aGarcía Calvo, Agustín,
_d1926-2012
_9233841
700 1 _aGordillo, Luis.
_959141
830 0 _aEnsayo las letras
_9179849
852 _aES-MaACL
_jA-12686
_9188775
_bR.148651
_cDEPO1
_dOlim: N-5687
942 _2udc
_cMONOGRAFIA
999 _c181867
_d181867